Guess the Pokémon by its Alternate Form - Statistics

General Stats
  • This quiz has been taken 13 times
  • The average score is 26 of 46
Answer Stats
Form/s Hint Pokémon % Correct
Changes based on the weather Castform
91%
Origin Forme Gen 4 Box-ArtLegendaries
91%
Sky Forme Shaymin
91%
28 Letters/Symbols Forms Unown
82%
70 Forms based oncream and sweets Alcreamie
73%
Confined andUnbound form Hoopa
73%
Midday, Midnightand Dusk form Lycanroc
73%
Fuses with Solgaleo
or Lunala
Necrozma
73%
Changes basedon the appliance Rotom
73%
Bloodmoon Form Ursaluna
73%
Changes typebased on the Plate Arceus
64%
Grass, Groundand Steel type Burmy andWormadam
64%
Rides a horse Calyrex
64%
Changes based onthe season Deerling andSawsbuck
64%
Red, Orange, Yellow,Blue and White Flower Forms Flabébé,Floette, Florges
64%
Therian Form Forces of Nature
64%
Fuses with Zekromor Reshiram Kyurem
64%
Gains the Dark orWater type Urshifu
64%
Crowned Sword/ Shield Zacian andZamazenta
64%
Sunshine andOvercast Form Cherrim
55%
Changes thestats (a lot) Deoxys
55%
Pirouette Form Meloetta
55%
East Sea andWest Sea Form Shellos andGastrodon
55%
Amped and Low KeyForm Toxtricity
55%
School Form Wishiwashi
55%
A dog, a snake anda giant titan monster Zygarde
55%
Two and Three-Segment Form Dudunsparce
45%
Ice and Noice Face Eiscue
45%
9 Style-Forms basedon Trims Furfrou
45%
Roaming and ChestForm Gimmighoul
45%
Resolute Form Keldeo
45%
Family of Three andFamily of Four Form Maushold
45%
Hangry Mode Form Morpeko
45%
Forms based onthe Mask Ogerpon
45%
Based on the island Oricorio
45%
Hero Form Palafin
45%
Terastal Form Terapagos
45%
20 Forms withdifferent patterns Vivillon
45%
A Defensive andAttacking Form Aegislash
36%
Gains the Psychic(or Fire) type Darmanitan
36%
Changes the type of its signature move Genesect
36%
Changes the core'scolor Minior
36%
Changes type basedon the RKS System Silvally
36%
Green, Blue, Yellowand White Plumage Squawkabilly
36%
Curly, Droopy andStretchy Form Tatsugiri
36%
Gulping and GorgingForm Cramorant
27%
No matching quizzes found
Score Distribution
Percent of People with Each Score
Percentile by Number Answered
Your Score History
You have not taken this quiz